[Event "GRE-ch U14 Girls"]
[Site "Peristeri"]
[Date "2023.07.08"]
[Round "8"]
[White "Sklavounou, Kalliopi"]
[Black "Vakali, Elli"]
[Result "1-0"]
[WhiteElo "1412"]
[BlackElo "1245"]
[PlyCount "61"]
[EventDate "2023.07.03"]
[EventType "swiss"]
[EventRounds "9"]
[EventCountry "GRE"]
[SourceTitle "EXT 2024"]
[Source "ChessBase"]
[SourceDate "2023.10.10"]
[SourceVersion "1"]
[SourceVersionDate "2023.10.10"]
[SourceQuality "1"]

1. Nf3 d5 2. g3 Nf6 3. Bg2 c6 4. 0-0 Bf5 5. d3 e6 6. c4 h6 7. Qb3 Qc8 8. Nbd2 Nbd7 9. Qd1 Be7 10. Nh4 Bh7 11. cxd5 exd5 12. Bh3 0-0 13. Nf5 Bxf5 14. Bxf5 Qc7 15. d4 c5 16. dxc5 Bxc5 17. Nb3 Bb6 18. Bf4 Ne5 19. Rc1 Qe7 20. a3 Rad8 21. Bd2 Bc7 22. Nd4 Nc4 23. Bb4 Bd6 24. Bxd6 Qxd6 25. Rc2 Qb6 26. b3 Nxa3 27. Ra2 Qb4 28. Qa1 Nb5 29. Ra4 Qc5 30. Rc1 Qxd4 31. Rxd4 1-0

[Event "GRE-ch U20 Girls"]
[Site "Trikala"]
[Date "2023.04.24"]
[Round "9"]
[White "Bania, Eleni"]
[Black "Sklavounou, Kalliopi"]
[Result "1-0"]
[WhiteElo "1615"]
[BlackElo "1375"]
[PlyCount "79"]
[EventDate "2023.04.18"]
[EventType "swiss"]
[EventRounds "9"]
[EventCountry "GRE"]
[SourceTitle "EXT 2024"]
[Source "ChessBase"]
[SourceDate "2023.10.10"]
[SourceVersion "1"]
[SourceVersionDate "2023.10.10"]
[SourceQuality "1"]

1. e4 c5 2. Nf3 d6 3. d4 cxd4 4. Nxd4 Nf6 5. Nc3 a6 6. Be3 e5 7. Nb3 Be6 8. h3 Be7 9. f4 b5 10. a3 Nc6 11. Qf3 d5 12. 0-0-0 d4 13. fxe5 Bxb3 14. cxb3 Nxe5 15. Qf5 Nc6 16. Kb1 Qb6 17. Bf2 Rd8 18. Nd5 Nxd5 19. exd5 Qc5 20. Qg4 Qxd5 21. Qxg7 Qf5+ 22. Bd3 Qf6 23. Qg3 Bd6 24. Qh4 Qxh4 25. Bxh4 Rc8 26. Rhe1+ Kf8 27. Be4 b4 28. a4 Bc5 29. Rc1 Na5 30. Bf5 Kg7 31. Bxc8 Rxc8 32. Ka2 Nb7 33. Re5 f6 34. Rd5 Re8 35. Rd7+ Re7 36. Rxe7+ Bxe7 37. Rc7 Kf8 38. Rxb7 Ke8 39. Ra7 d3 40. Be1 1-0

[Event "GRE-ch U20 Girls"]
[Site "Trikala"]
[Date "2022.08.26"]
[Round "2"]
[White "Sklavounou, Kalliopi"]
[Black "Seretaki, Myrto"]
[Result "1/2-1/2"]
[WhiteElo "1351"]
[BlackElo "1111"]
[PlyCount "70"]
[EventDate "2022.08.25"]
[EventType "swiss"]
[EventRounds "9"]
[EventCountry "GRE"]
[SourceTitle "CBM 210 Extra"]
[Source "ChessBase"]
[SourceDate "2022.11.30"]
[SourceVersion "1"]
[SourceVersionDate "2022.11.30"]
[SourceQuality "1"]

1. Nf3 Nf6 2. g3 g6 3. Bg2 Bg7 4. c4 0-0 5. 0-0 c6 6. d4 d5 7. b3 Bf5 8. Nh4 Bd7 9. Nc3 Qc8 10. cxd5 Bh3 11. dxc6 Bxg2 12. Nxg2 Nxc6 13. Bb2 e6 14. Nf4 Qd8 15. e3 Rc8 16. Ba3 Re8 17. Nb5 Qa5 18. Nd6 Qxa3 19. Nxe8 Rxe8 20. Qf3 Rd8 21. Rfd1 Qd6 22. Nd3 Qd5 23. Qxd5 Nxd5 24. Rac1 Bf8 25. Nc5 Bxc5 26. dxc5 f5 27. a3 a5 28. h3 h5 29. Kg2 Kf7 30. g4 Rg8 31. g5 Ke7 32. Kg3 Rd8 33. Rd2 Ne5 34. Rcd1 h4+ 35. Kg2 Nc6 1/2-1/2

[Event "GRE-chT 49th"]
[Site "Thessaloniki"]
[Date "2022.08.13"]
[Round "3.6"]
[White "Sklavounou, Kalliopi"]
[Black "Kratimenou, Georgia"]
[Result "1-0"]
[WhiteElo "1351"]
[BlackElo "1494"]
[PlyCount "57"]
[EventDate "2022.08.12"]
[EventType "team-swiss"]
[EventRounds "7"]
[EventCountry "GRE"]
[SourceTitle "CBM 209 Extra"]
[Source "ChessBase"]
[SourceDate "2022.09.30"]
[SourceVersion "1"]
[SourceVersionDate "2022.09.30"]
[SourceQuality "1"]
[WhiteTeam "Kerkeras"]
[BlackTeam "Panionios YS"]
[WhiteTeamCountry "GRE"]
[BlackTeamCountry "GRE"]

1. Nf3 Nf6 2. g3 d5 3. Bg2 c6 4. 0-0 Bg4 5. d3 Nbd7 6. Qe1 e6 7. Nbd2 Bb4 8. a3 Bc5 9. e4 Bxf3 10. Nxf3 dxe4 11. dxe4 0-0 12. b4 Bb6 13. c4 Bc7 14. Bb2 e5 15. Rd1 Qe7 16. Nh4 g6 17. f4 Rfe8 18. f5 a5 19. Bc1 axb4 20. Qxb4 Bb6+ 21. Kh1 Qxb4 22. axb4 Bd4 23. Bg5 Ng4 24. fxg6 fxg6 25. Bh3 Nf2+ 26. Rxf2 Bxf2 27. Bxd7 Reb8 28. Be6+ Kh8 29. Bf6# 1-0

[Event "GRE-chT 49th"]
[Site "Thessaloniki"]
[Date "2022.08.13"]
[Round "2"]
[White "Theocharopoulou, Christina"]
[Black "Sklavounou, Kalliopi"]
[Result "0-1"]
[WhiteElo "1050"]
[BlackElo "1351"]
[PlyCount "52"]
[EventDate "2022.08.12"]
[EventType "team-swiss"]
[EventRounds "7"]
[EventCountry "GRE"]
[SourceTitle "EXT 2024"]
[Source "ChessBase"]
[SourceDate "2023.10.10"]
[SourceVersion "1"]
[SourceVersionDate "2023.10.10"]
[SourceQuality "1"]
[WhiteTeam "Volou SE"]
[BlackTeam "Kerkeras"]
[WhiteTeamCountry "GRE"]
[BlackTeamCountry "GRE"]

1. e4 c5 2. d4 cxd4 3. c3 dxc3 4. Nxc3 Nc6 5. Nf3 d6 6. Bc4 e6 7. Bf4 Nf6 8. Bb3 Be7 9. 0-0 0-0 10. Qe2 e5 11. Bg3 Bg4 12. Rfd1 Nd4 13. Qd3 Nd7 14. h3 Nc5 15. Qc4 Be6 16. Qb4 a5 17. Qa3 Ncxb3 18. axb3 Nc2 19. Qa2 Nxa1 20. Rxa1 f5 21. Nd2 f4 22. Bh2 Bh4 23. f3 Qg5 24. g4 fxg3 25. Kf1 Qxd2 26. Bg1 g2# 0-1

[Event "GRE-chT 49th"]
[Site "Thessaloniki"]
[Date "2022.08.12"]
[Round "1.7"]
[White "Sklavounou, Kalliopi"]
[Black "Kapia, Aggeliki"]
[Result "1-0"]
[WhiteElo "1351"]
[BlackElo "1258"]
[PlyCount "49"]
[EventDate "2022.08.12"]
[EventType "team-swiss"]
[EventRounds "7"]
[EventCountry "GRE"]
[SourceTitle "CBM 209 Extra"]
[Source "ChessBase"]
[SourceDate "2022.09.30"]
[SourceVersion "1"]
[SourceVersionDate "2022.09.30"]
[SourceQuality "1"]
[WhiteTeam "Kerkeras"]
[BlackTeam "Amo Galaxias"]
[WhiteTeamCountry "GRE"]
[BlackTeamCountry "GRE"]

1. Nf3 b6 2. g3 Bb7 3. Bg2 e6 4. 0-0 Nf6 5. c4 c5 6. d4 cxd4 7. Qxd4 Bc5 8. Qd1 h6 9. Nc3 Qc8 10. Bf4 a6 11. Na4 Nc6 12. b4 Nxb4 13. Bd6 Bxd6 14. Qxd6 Nc6 15. Nxb6 Qb8 16. Qa3 Ra7 17. Rfd1 Bc8 18. Rab1 Rb7 19. c5 0-0 20. Nd2 Qe5 21. Bf3 Nd4 22. Bxb7 Nxe2+ 23. Kf1 Ng4 24. Nf3 Nxh2+ 25. Nxh2 1-0

[Event "GRE-ch U18 Girls"]
[Site "Kavala"]
[Date "2022.04.29"]
[Round "5"]
[White "Kapia, Aggeliki"]
[Black "Sklavounou, Kalliopi"]
[Result "1/2-1/2"]
[WhiteElo "1246"]
[BlackElo "1363"]
[PlyCount "102"]
[EventDate "2022.04.26"]
[EventType "swiss"]
[EventRounds "9"]
[EventCountry "GRE"]
[SourceTitle "CBM 208 Extra"]
[Source "ChessBase"]
[SourceDate "2022.07.31"]
[SourceVersion "1"]
[SourceVersionDate "2022.07.31"]
[SourceQuality "1"]

1. d4 Nf6 2. c4 e6 3. Nc3 Bb4 4. Qc2 0-0 5. e4 d5 6. e5 Ne4 7. Bd3 c5 8. Nf3 cxd4 9. Nxd4 Nd7 10. Bf4 Qh4 11. g3 Qh5 12. Bxe4 Bxc3+ 13. bxc3 dxe4 14. Qxe4 Nc5 15. Qe2 Qxe2+ 16. Kxe2 b6 17. Nb5 Bb7 18. f3 Na4 19. Rac1 Nb2 20. Nd6 Ba6 21. Rc2 Nxc4 22. Nxc4 Bxc4+ 23. Kf2 Rfd8 24. Re1 Rac8 25. Be3 Rd3 26. Rec1 f6 27. exf6 gxf6 28. Rd2 e5 29. Rxd3 Bxd3 30. Ke1 f5 31. Kf2 e4 32. Bd4 Kf7 33. Re1 Rc4 34. a3 b5 35. fxe4 fxe4 36. Ke3 a6 37. Rd1 Rc6 38. Rd2 Kg6 39. Rf2 a5 40. Rb2 Kg5 41. Rf2 b4 42. cxb4 axb4 43. axb4 Rc1 44. b5 Bxb5 45. Kxe4 Bc6+ 46. Ke3 Re1+ 47. Kd2 Re6 48. Be3+ Kg6 49. g4 h5 50. g5 Rd6+ 51. Kc3 Be4 1/2-1/2

[Event "GRE-chT U16"]
[Site "Thessaloniki"]
[Date "2021.12.18"]
[Round "5.6"]
[White "Afantiti, Maria Varvara"]
[Black "Sklavounou, Kalliopi"]
[Result "0-1"]
[WhiteElo "1058"]
[BlackElo "1316"]
[PlyCount "74"]
[EventDate "2021.12.16"]
[EventType "team-swiss"]
[EventRounds "6"]
[EventCountry "GRE"]
[SourceTitle "CBM 205 Extra"]
[Source "ChessBase"]
[SourceDate "2022.01.31"]
[SourceVersion "1"]
[SourceVersionDate "2022.01.31"]
[SourceQuality "1"]
[WhiteTeam "Peiraikos"]
[BlackTeam "Kerkiras"]
[WhiteTeamCountry "GRE"]
[BlackTeamCountry "GRE"]

1. e4 c5 2. Nf3 d6 3. d4 cxd4 4. Qxd4 Nc6 5. Bb5 Bd7 6. Bxc6 Bxc6 7. c4 Nf6 8. Nc3 e6 9. 0-0 Be7 10. h3 0-0 11. Rd1 a6 12. Qe3 Qc7 13. b3 b5 14. Qe2 b4 15. e5 bxc3 16. exf6 Bxf6 17. Nd4 Qb7 18. f3 e5 19. Nc2 d5 20. cxd5 Bxd5 21. Be3 e4 22. f4 Bc6 23. Bd4 Bb5 24. Qg4 Bxd4+ 25. Rxd4 Bd3 26. Ne1 Qb6 27. Nxd3 Qxd4+ 28. Nf2 e3 29. Qe2 exf2+ 30. Qxf2 Qxf2+ 31. Kxf2 c2 32. Rc1 Rac8 33. Ke2 Rfd8 34. g4 Rd4 35. f5 Re8+ 36. Kf2 Rd2+ 37. Kg3 Rc8 0-1

[Event "GRE-chT U16"]
[Site "Thessaloniki"]
[Date "2021.12.17"]
[Round "2.2"]
[White "Sklavounou, Kalliopi"]
[Black "Halkias, Michail Panagiotis"]
[Result "0-1"]
[WhiteElo "1316"]
[BlackElo "1194"]
[PlyCount "106"]
[EventDate "2021.12.16"]
[EventType "team-swiss"]
[EventRounds "6"]
[EventCountry "GRE"]
[SourceTitle "CBM 205 Extra"]
[Source "ChessBase"]
[SourceDate "2022.01.31"]
[SourceVersion "1"]
[SourceVersionDate "2022.01.31"]
[SourceQuality "1"]
[WhiteTeam "Kerkiras"]
[BlackTeam "Neapolis Sykeon"]
[WhiteTeamCountry "GRE"]
[BlackTeamCountry "GRE"]

1. Nf3 c5 2. g3 Nf6 3. c4 e6 4. Bg2 Be7 5. 0-0 0-0 6. d4 cxd4 7. Nxd4 Nc6 8. Nc3 a6 9. e4 Qc7 10. Re1 Nxd4 11. Qxd4 Bc5 12. Qd1 d6 13. b3 Bd7 14. Bb2 Rfd8 15. Qe2 Rab8 16. Rad1 h6 17. e5 dxe5 18. Qxe5 Qxe5 19. Rxe5 Ba7 20. Re2 Bc5 21. Red2 Be7 22. Ne2 Bc6 23. Bxc6 bxc6 24. Nd4 c5 25. Nc6 Rxd2 26. Rxd2 Rb7 27. f3 Kh7 28. Ba3 Bf8 29. Rd8 Nd7 30. Bxc5 Bxc5+ 31. Kg2 Rc7 32. f4 Rxc6 33. Rxd7 Kg6 34. Kf3 Rd6 35. Rxd6 Bxd6 36. h3 e5 37. Ke4 exf4 38. gxf4 Kf6 39. h4 h5 40. f5 Bg3 41. c5 Bxh4 42. c6 Bg3 43. a4 h4 44. Kf3 Kxf5 45. b4 Bc7 46. Kg2 g5 47. a5 g4 48. b5 h3+ 49. Kh1 g3 50. bxa6 g2+ 51. Kg1 Bb8 52. c7 Ba7+ 53. Kh2 g1Q+ 0-1

[Event "EU-ch Schools U13 Girls"]
[Site "Tornelo INT"]
[Date "2021.12.03"]
[Round "1"]
[White "Sekova, Olivia"]
[Black "Sklavounou, Kalliopi"]
[Result "0-1"]
[WhiteElo "1641"]
[BlackElo "1316"]
[PlyCount "42"]
[EventDate "2021.12.03"]
[EventType "swiss (rapid)"]
[EventRounds "7"]
[EventCountry "NET"]
[SourceTitle "EXT 2023"]
[Source "ChessBase"]
[SourceDate "2022.10.05"]
[SourceVersion "1"]
[SourceVersionDate "2022.10.05"]
[SourceQuality "1"]

1. e4 c5 2. Nf3 d6 3. d4 cxd4 4. Qxd4 Nc6 5. Bb5 Bd7 6. Bxc6 Bxc6 7. Nc3 Nf6 8. Bg5 h6 9. Bh4 Qc7 10. 0-0-0 Rc8 11. Kb1 Bxe4 12. Bxf6 Bxf3 13. Bxg7 Rg8 14. Bxf8 Bxd1 15. Bxe7 Bxc2+ 16. Kxc2 Qxe7 17. Kd1 Kf8 18. Re1 Qd7 19. Nd5 Qg4+ 20. Qxg4 Rxg4 21. g3 Rd4+ 0-1

[Event "GRE-ch Online Blitz (Women) 1st"]
[Site "Tornelo INT"]
[Date "2021.02.07"]
[Round "15"]
[White "Kolovou, Christina"]
[Black "Sklavounou, Kalliopi"]
[Result "0-1"]
[WhiteElo "1256"]
[BlackElo "1019"]
[PlyCount "60"]
[EventDate "2021.02.07"]
[EventType "swiss (blitz)"]
[EventRounds "16"]
[EventCountry "GRE"]
[SourceTitle "EXT 2023"]
[Source "ChessBase"]
[SourceDate "2022.10.05"]
[SourceVersion "1"]
[SourceVersionDate "2022.10.05"]
[SourceQuality "1"]

1. e4 c5 2. Nf3 d6 3. d4 cxd4 4. Nxd4 Nf6 5. Nc3 a6 6. Be3 e5 7. Nf3 Be6 8. Bd3 Be7 9. 0-0 0-0 10. Qe2 Nc6 11. Nd2 d5 12. exd5 Nxd5 13. Nxd5 Bxd5 14. Nb3 e4 15. Bc4 Bxc4 16. Qxc4 Bf6 17. c3 Re8 18. Rae1 Rc8 19. Qe2 Qc7 20. f4 exf3 21. Qxf3 Ne5 22. Qf5 Rcd8 23. Rf4 Qd6 24. Rd4 Qc6 25. Rxd8 Rxd8 26. Nd4 Qd6 27. Rd1 Qc7 28. Kh1 Nc4 29. Kg1 Nxe3 30. Qh3 Nxd1 0-1

[Event "GRE-ch Online Blitz (Women) 1st"]
[Site "Tornelo INT"]
[Date "2021.02.07"]
[Round "1"]
[White "Sklavounou, Kalliopi"]
[Black "Christodoulou, Georgia"]
[Result "0-1"]
[WhiteElo "1019"]
[BlackElo "1224"]
[PlyCount "62"]
[EventDate "2021.02.07"]
[EventType "swiss (blitz)"]
[EventRounds "16"]
[EventCountry "GRE"]
[SourceTitle "EXT 2023"]
[Source "ChessBase"]
[SourceDate "2022.10.05"]
[SourceVersion "1"]
[SourceVersionDate "2022.10.05"]
[SourceQuality "1"]

1. Nf3 Nf6 2. c4 e6 3. d4 d5 4. g3 Bb4+ 5. Bd2 Bxd2+ 6. Nbxd2 0-0 7. Bg2 Nbd7 8. 0-0 b6 9. cxd5 exd5 10. Qc2 Ba6 11. Nb3 Re8 12. Rfe1 Rc8 13. Rac1 Ne4 14. Bh3 g6 15. Ne5 f5 16. Nc6 Qf6 17. Nb4 Bc4 18. Nd2 c5 19. dxc5 bxc5 20. Nxe4 fxe4 21. b3 Bb5 22. Nxd5 Qf7 23. Bxd7 Bxd7 24. Ne3 Bh3 25. Qd2 Rf8 26. f3 Rcd8 27. Qc2 exf3 28. exf3 Qxf3 29. Rf1 Qxe3+ 30. Kh1 Bxf1 31. Rxf1 Rxf1+ 0-1

[Event "GRE-ch Online Blitz (Women) 1st"]
[Site "Tornelo INT"]
[Date "2021.02.07"]
[Round "5"]
[White "Sklavounou, Kalliopi"]
[Black "Kapnaki, Charikleia"]
[Result "1-0"]
[WhiteElo "1019"]
[BlackElo "1056"]
[PlyCount "69"]
[EventDate "2021.02.07"]
[EventType "swiss (blitz)"]
[EventRounds "16"]
[EventCountry "GRE"]
[SourceTitle "EXT 2023"]
[Source "ChessBase"]
[SourceDate "2022.10.05"]
[SourceVersion "1"]
[SourceVersionDate "2022.10.05"]
[SourceQuality "1"]

1. Nf3 d5 2. g3 c6 3. Bg2 Nf6 4. d4 Bg4 5. 0-0 e6 6. c4 Nbd7 7. Qc2 Rc8 8. b3 Be7 9. Bb2 0-0 10. Nc3 c5 11. cxd5 cxd4 12. Nxd4 Bf5 13. Nxf5 exf5 14. Qxf5 Nb6 15. Rfd1 Bd6 16. e4 g6 17. Qf3 Ne8 18. Qe2 Be5 19. f4 Bxc3 20. Bxc3 Rxc3 21. Qb2 Rc8 22. e5 Ng7 23. d6 Nd7 24. Bxb7 Rb8 25. Be4 f5 26. Bd5+ Kh8 27. e6 Nc5 28. e7 Qxd6 29. exf8Q+ Rxf8 30. Bc4 Qb6 31. Rac1 Nd3+ 32. Kg2 Nxb2 33. Re1 Nh5 34. Re2 Qc6+ 35. Kg1 1-0

[Event "GRE-ch Online Blitz (Women) 1st"]
[Site "Tornelo INT"]
[Date "2021.02.07"]
[Round "2"]
[White "Sklavounou, Kalliopi"]
[Black "Tripolitaki, Eirini"]
[Result "1-0"]
[WhiteElo "1019"]
[BlackElo "1056"]
[PlyCount "79"]
[EventDate "2021.02.07"]
[EventType "swiss (blitz)"]
[EventRounds "16"]
[EventCountry "GRE"]
[SourceTitle "EXT 2023"]
[Source "ChessBase"]
[SourceDate "2022.10.05"]
[SourceVersion "1"]
[SourceVersionDate "2022.10.05"]
[SourceQuality "1"]

1. Nf3 Nc6 2. d4 Nf6 3. c4 e6 4. g3 d6 5. Bg2 g6 6. 0-0 Bg7 7. Nc3 0-0 8. e4 b6 9. e5 dxe5 10. dxe5 Qxd1 11. Rxd1 Ng4 12. Nd4 Ncxe5 13. Bxa8 Nxc4 14. Bf3 Nge5 15. Bg2 Rd8 16. Be3 Nxe3 17. fxe3 Nc4 18. Kf2 Nxb2 19. Rdb1 Nd3+ 20. Ke2 Ne5 21. Rd1 Nc4 22. Rac1 e5 23. Nc6 Bg4+ 24. Bf3 Rxd1 25. Nxd1 Bxf3+ 26. Kxf3 f5 27. Rxc4 e4+ 28. Kf4 Bh6+ 29. Ke5 Bg7+ 30. Ke6 Kf8 31. Nc3 Ke8 32. Nd5 Bh6 33. Nxc7+ Kf8 34. Rd4 Bxe3 35. Rd8+ Kg7 36. Nd5 Bg5 37. Rd7+ Kh6 38. h4 Be3 39. Nf6 a5 40. Rxh7# 1-0

[Event "GRE-ch U10 Girls"]
[Site "Patras"]
[Date "2019.06.29"]
[Round "7.3"]
[White "Sklavounou, Kalliopi"]
[Black "Toumpakari, Maria"]
[Result "0-1"]
[WhiteElo "1369"]
[BlackElo "1130"]
[PlyCount "102"]
[EventDate "2019.06.25"]
[EventType "swiss"]
[EventRounds "9"]
[EventCountry "GRE"]
[SourceTitle "EXT 2020"]
[Source "ChessBase"]
[SourceDate "2019.10.17"]
[SourceVersion "1"]
[SourceVersionDate "2019.10.17"]
[SourceQuality "1"]
[WhiteTeam "Greece"]
[BlackTeam "Greece"]
[WhiteTeamCountry "GRE"]
[BlackTeamCountry "GRE"]

1. e4 c5 2. Nf3 g6 3. d4 cxd4 4. Nxd4 Nc6 5. c4 Nf6 6. Nc3 Nxd4 7. Qxd4 d6 8. Be3 Bg7 9. Be2 0-0 10. Qd1 Be6 11. 0-0 Nd7 12. Qc2 f5 13. Bd2 fxe4 14. Nxe4 Bf5 15. Rab1 Nc5 16. Bf3 Qd7 17. b4 Ne6 18. Be3 Nd4 19. Bxd4 Bxd4 20. Rbd1 Bg7 21. Qb3 Kh8 22. Nc5 Qc7 23. Nxb7 Rac8 24. c5 dxc5 25. Nxc5 h5 26. Rfe1 e5 27. h3 Rcd8 28. Rc1 Qe7 29. Bd5 Bh6 30. Rcd1 Rc8 31. Ne6 Rfe8 32. Qg3 Bxe6 33. Qxe5+ Bg7 34. Qxe6 Qxb4 35. Qxe8+ Rxe8 36. Rxe8+ Kh7 37. Rde1 Qd2 38. Bg8+ Kh6 39. R1e7 Bd4 40. Rh7+ Kg5 41. Rf8 Qe1+ 42. Kh2 Bxf2 43. Rxf2 Qxf2 44. Rf7 Qd4 45. Rf3 Qd6+ 46. Kg1 Kh6 47. g4 hxg4 48. hxg4 Qd1+ 49. Kg2 Kg5 50. Be6 Qe2+ 51. Kg3 Qxe6 0-1